000
00318nam a22001457a 4500
008
230418b ||||| |||| 00| 0 eng d
020
_a
2900813317761
041
_a
eng
080
_a
37
082
_a
37YAG
100
_a
24
101
_a
EDU
245
_a
LIVING WITH CONTRADICTIONS
_c
JAGGAR.M.A
942
_2
udc
_c
BK
999
_c
59579
_d
59579